NFL Rushing Leaders of the 2020's - Statistics

General Stats
  • This quiz has been taken 278 times
  • The average score is 42 of 62
Answer Stats
Team 2020 2021 2022 % Correct
SF Jeff Wilson Elijah Mitchell Christian McCaffrey
95%
MIN Dalvin Cook Dalvin Cook Dalvin Cook
95%
TEN Derrick Henry Derrick Henry Derrick Henry
94%
Barkley/Booker
93%
Ezekiel Elliott
93%
NYG Wayne Gallman Barkley/Booker Saquan Barkley
93%
NO Alvin Kamara Alvin Kamara Alvin Kamara
92%
DET Adrian Peterson D'Andre Swift Jamaal Williams
92%
ARI Kenyan Drake James Conner James Conner
92%
CIN Joe Mixon Joe Mixon Joe Mixon
92%
CLE Nick Chubb Nick Chubb Nick Chubb
92%
GB Aaron Jones A.J. Dillon Aaron Jones
91%
WAS Antonio Gibson Antonio Gibson Brian Robinson
91%
Darrel Williams
91%
James Robinson
91%
IND Jonathon Taylor Jonathon Taylor Jonathon Taylor
91%
LV Josh Jacobs Josh Jacobs Josh Jacobs
91%
Ronald Jones
91%
DAL Ezekiel Elliott Ezekiel Elliott Tony Pollard
87%
BAL Lamar Jackson Lamar Jackson Lamar Jackson
84%
MIA Myles Gaskin Myles Gaskin Raheem Mostert
84%
LAC Austin Ekeler Austin Ekeler Austin Ekeler
83%
Damien Harris
83%
PIT James Conner Najee Harris Najee Harris
83%
NYJ Frank Gore Michael Carter Breece Hall
82%
D'Andre Swift
82%
David Montgomery
81%
PHI Miles Sanders Jalen Hurts Miles Sanders
80%
BUF Devin Singletary Devin Singletary Devin Singletary
79%
KC Clyde Edwards-Helaire Darrel Williams Isiah Pacheco
77%
TB Ronald Jones Leonard Fournette Leonard Fournette
76%
NE Damien Harris Damien Harris Rhamondre Stevenson
76%
SEA Chris Carson Rashaad Penny Kenneth Walker
75%
David Johnson
70%
JAC James Robinson James Robinson Travis Etienne
70%
A.J. Dillon
67%
LAR Cam Akers Sony Michel Cam Akers
66%
Chuba Hubbard
65%
Chris Carson
63%
Clyde Edwards-Helaire
63%
Todd Gurley
63%
Antonio Gibson
60%
HOU David Johnson Rex Burkhead Dameon Pierce
59%
CHI David Montgomery David Montgomery Justin Fields
55%
Melvin Gordon
53%
Cordarrelle Patterson
52%
Jalen Hurts
52%
ATL Todd Gurley Cordarrelle Patterson Tyler Allgeier
51%
DEN Melvin Gordon Melvin Gordon Latavius Murray
50%
Elijah Mitchell
47%
Rashaad Penny
45%
Jeff Wilson
41%
CAR Mike Davis Chuba Hubbard D'Onta Foreman
37%
Michael Carter
33%
Kenyan Drake
27%
Frank Gore
26%
Mike Davis
26%
Sony Michel
25%
Adrian Peterson
24%
Myles Gaskin
23%
Wayne Gallman
21%
Rex Burkhead
16%
No matching quizzes found
Score Distribution
Percent of People with Each Score
Percentile by Number Answered
Your Score History
You have not taken this quiz